000 00817nac a22002777a 4500
001 BR3200007
003 BR-BrBNA
005 20240105112804.0
008 230509b bl.|||m| |||| 00| 0 por d
040 _aBR-BrBNA
_bpor
_cBiblioteca Nacional de Agricultura
072 _aL00; L10
090 _a6100 BR3200007
100 1 _aAraujo, P.
245 1 _aComo produzir optimos capoes [Genetica animal; Frango]
260 3 _aSao Paulo, SP (Brasil):
_bChacaras e Quintaes,
_c1932.
300 _a30 p.
490 _aBiblioteca Agricola Popular Brasileira (Brazil)
_v
_x
500 _a28 illus.
650 _aGENETICA ANIMAL
650 _aFRANGO DE CORTE
650 _aRACA
650 _aEFICIENCIA REPRODUTIVA
650 _aMUTACAO
909 _a202312
_bLúcia Elande
_c55
_dLúcia Elande
942 _2AGRIS
_n0
_cMS
999 _c260307
_d260307